00182nam a2200073Ia 4500082000800000245002700008100003200035008004100067 aHOR 0aNIGHT OF THE SCORPION  a HOROWITZ, Anthony 1985 210817s9999 xx 000 0 und d